000
00288nam a22001097a 4500
082
_a
355.4 HAR'D
100
_a
HART, B. H LIDDELL
_9
46426
245
_a
BETERRENTER DEFENCE A FRESH LOOK AT THE WESTS MILITARY POSITION
260
_a
NEWYORK
_b
FREDERICK
_c
1960
300
_a
257P
942
_c
BK
999
_c
582237
_d
582237